ბათუმის შოთა რუსთაველის სახელმწიფო უნივერსიტეტის ბიბლიოთეკა

მევენახეობა (ბიბ.ჩანაწერი № 44564)

000 -LEADER
fixed length control field 00654nam a2200205Ia 4500
001 - CONTROL NUMBER
control field 11367
003 - CONTROL NUMBER IDENTIFIER
control field GE_BSU
008 - FIXED-LENGTH DATA ELEMENTS--GENERAL INFORMATION
fixed length control field 181216s||||||||xx |||||||||||||| ||und||
040 ## - CATALOGING SOURCE
Transcribing agency GE_BSU
080 ## - UNIVERSAL DECIMAL CLASSIFICATION NUMBER
Universal Decimal Classification number 634.8(075.8)
100 ## - MAIN ENTRY--PERSONAL NAME
Personal name ქანთარია ვ.ი.
245 ## - TITLE STATEMENT
Title მევენახეობა
245 ## - TITLE STATEMENT
Statement of responsibility, etc. რედ: ვ.ი. ქანთარია, მ.ა. რამიშვილი
260 ## - PUBLICATION, DISTRIBUTION, ETC.
Place of publication, distribution, etc. თბილისი.
260 ## - PUBLICATION, DISTRIBUTION, ETC.
Name of publisher, distributor, etc. საქ–ს სას–სამ. ინ–ტის გამ–ბა
260 ## - PUBLICATION, DISTRIBUTION, ETC.
Date of publication, distribution, etc. 1958
300 ## - PHYSICAL DESCRIPTION
Extent 498გვ.26სმ.
653 ## - INDEX TERM--UNCONTROLLED
Uncontrolled term მევენახეობა
942 ## - ADDED ENTRY ELEMENTS (KOHA)
Koha item type წიგნი
ეგზემპლარები
Withdrawn status Lost status Damaged status Not for loan Date acquired Barcode Date last seen Price effective from Koha item type
        2018-12-17 19984 2018-12-17 2018-12-17 წიგნი
        2018-12-17 19985 2018-12-17 2018-12-17 წიგნი
        2018-12-17 19986 2018-12-17 2018-12-17 წიგნი